000 00866nam a22002177a 4500
999 _c57666
_d57666
003 Ge_BSU
005 20210121133636.0
008 200901s2015 ge ||||| |||| 00| 0 geo d
020 _a9789941080777
041 _ageo
080 _a340.1(075.8) ა-53
100 _aალფაიძე, თამარ
_99362
245 _aსამართალმცოდნეობის შესავალი /
_cთამარ ალფაიძე.
250 _aმე-2 გამოცემა
264 _aთბ. :
_b '' ბეჭდვითი სიტყვის კომბინატი''
_c2015.
300 _a447 გვ.
_b22 სმ.
520 _aრეზიუმე ინგლ.
653 _aსამართალმცოდნეობის შესავალი.
653 _aსამართალი
942 _2udc
_cBK